Las desventuras del viejo Werther / (Record no. 18566)

MARC details
000 -LEADER
campo de control de longitud fija 00827nam a22002775i 4500
001 - NÚMERO DE CONTROL
campo de control 18566
003 - IDENTIFICADOR DE NÚMERO DE CONTROL
campo de control ES-MaACL
005 - FECHA Y HORA DE LA ÚLTIMA TRANSACCIÓN
campo de control 20230906151852.0
007 - CAMPO FIJO DE DESCRIPCIÓN FÍSICA--INFORMACIÓN GENERAL
campo de control de longitud fija t|
008 - DATOS DE LONGITUD FIJA--INFORMACIÓN GENERAL
campo de control de longitud fija 011015s1994 sp ||||0| spa j
020 ## - NÚMERO INTERNACIONAL ESTÁNDAR DEL LIBRO
Número Internacional Estándar del Libro 84-297-3703-0
040 ## - FUENTE DE CATALOGACIÓN
Centro catalogador/agencia de origen M-BN
Lengua de catalogación spa
Centro/agencia transcriptor M-BN
080 ## - NÚMERO DE LA CLASIFICACIÓN DECIMAL UNIVERSAL
Número de la Clasificación Decimal Universal 821.162.3-31"19"
100 1# - ENTRADA PRINCIPAL--NOMBRE DE PERSONA
Nombre de persona Hrabal, Bohumil.
9 (RLIN) 64451
245 14 - MENCIÓN DEL TÍTULO
Título Las desventuras del viejo Werther /
Mención de responsabilidad, etc. Bohumil Hrabal ; traducción de María García Barris.
250 ## - MENCION DE EDICION
Mención de edición 1ª ed.
260 ## - PUBLICACIÓN, DISTRIBUCIÓN, ETC.
Lugar de publicación, distribución, etc. Barcelona :
Nombre del editor, distribuidor, etc. Península,
Fecha de publicación, distribución, etc. 1994.
300 ## - DESCRIPCIÓN FÍSICA
Extensión 110 p ;
Dimensiones 20 cm.
490 1# - MENCIÓN DE SERIE
Mención de serie Península/narrativa ;
Designación de volumen o secuencia 53
500 ## - NOTA GENERAL
Nota general Traducido del francés.
700 1# - ENTRADA AGREGADA--NOMBRE PERSONAL
Nombre de persona García Barris, María.
9 (RLIN) 54233
830 0# - PUNTO DE ACCESO ADICIONAL DE SERIE-TÍTULO UNIFORME
Título uniforme Península/narrativa ;
Designación de volumen o secuencia 53
9 (RLIN) 181379
852 ## - LOCALIZACIÓN
Ubicación ES-MaACL
Número de control de estantería L-25130
Sublocalización o colección R.130400
Holdings
Estatus retirado Estado de pérdida Estado de daño No para préstamo Biblioteca de origen Biblioteca actual Ubicación en estantería Fecha de adquisición Fuente de adquisición Total de préstamos Signatura topográfica completa Código de barras Visto por última vez Precio de reemplazo Tipo de ítem Koha
        Biblioteca del Ateneo de Madrid Biblioteca del Ateneo de Madrid Depósito 2 17/01/2008     L-25130 1018999 23/02/2023 23/02/2023 Libro impreso